[Event "Chigorin Memorial 22nd"]
[Site "St Petersburg"]
[Date "2014.10.25"]
[Round "8"]
[White "Krasnikov, Mikhail"]
[Black "Bratus, Petr P"]
[Result "0-1"]
[WhiteElo "1828"]
[BlackElo "2106"]
[PlyCount "76"]
[EventDate "2014.10.18"]
[EventType "swiss"]
[EventRounds "9"]
[EventCountry "RUS"]
[SourceTitle "EXT 2015"]
[Source "ChessBase"]
[SourceDate "2014.11.20"]
[SourceVersion "1"]
[SourceVersionDate "2014.11.20"]
[SourceQuality "1"]

1. d4 Nf6 2. c4 e6 3. Nf3 b6 4. a3 Bb7 5. Nc3 d5 6. cxd5 exd5 7. Bg5 Be7 8. e3 Nbd7 9. Rc1 0-0 10. b4 Re8 11. Qb3 Nf8 12. g3 Ne6 13. Bg2 Nxg5 14. Nxg5 h6 15. Nf3 c6 16. 0-0 Bd6 17. Rfd1 Qe7 18. Ne1 h5 19. Rb1 h4 20. gxh4 Ng4 21. Nf3 a6 22. a4 Bc8 23. Re1 Bf5 24. Rb2 Be4 25. Nxe4 dxe4 26. Ng5 Bxh2+ 27. Kh1 Bb8 28. Bxe4 Ra7 29. Rc1 Qd6 30. f4 Qh6 31. Kg2 Rae7 32. Qd3 Nf6 33. Bxc6 Rxe3 34. Qd1 Qxh4 35. Bxe8 Rg3+ 36. Kf1 Qh1+ 37. Ke2 Qh2+ 38. Ke1 Rg1# 0-1

[Event "Chigorin Memorial 21st"]
[Site "St Petersburg"]
[Date "2013.10.07"]
[Round "3"]
[White "Krasnikov, Mikhail"]
[Black "Khadzhiev, Valery"]
[Result "0-1"]
[WhiteElo "1846"]
[BlackElo "2107"]
[PlyCount "120"]
[EventDate "2013.10.05"]
[EventType "swiss"]
[EventRounds "9"]
[EventCountry "RUS"]
[SourceTitle "CBM 156 Extra"]
[Source "ChessBase"]
[SourceDate "2013.10.22"]
[SourceVersion "1"]
[SourceVersionDate "2013.10.22"]
[SourceQuality "1"]

1. d4 d5 2. c4 e6 3. Nf3 Nf6 4. g3 Be7 5. Bg2 0-0 6. 0-0 Nbd7 7. b3 c5 8. cxd5 Nxd5 9. e4 Nb4 10. a3 Nc6 11. d5 exd5 12. exd5 Nce5 13. Bb2 Bf6 14. Ra2 Nxf3+ 15. Bxf3 Ne5 16. Bg2 Bg4 17. f3 Bd7 18. Nd2 Bb5 19. Ne4 Bxf1 20. Bxf1 Nd7 21. Bxf6 Nxf6 22. Nxc5 Qe7 23. b4 Rad8 24. Bc4 Qe3+ 25. Kg2 b6 26. Nb3 b5 27. Qe2 Qxe2+ 28. Bxe2 Nxd5 29. Kf2 Nc3 30. Rc2 Nxe2 31. Kxe2 Rfe8+ 32. Kf2 Rd3 33. Na5 Rxa3 34. g4 g6 35. Nc6 Kg7 36. Rd2 Ree3 37. Nxa7 Rxf3+ 38. Kg2 Rf4 39. Nxb5 Rxg4+ 40. Kf2 Rh3 41. Rd7 Rxb4 42. Nd6 Rb2+ 43. Kg1 Rf3 44. h4 h6 45. Rc7 Rd2 46. Ne8+ Kf8 47. Rc8 Ra3 48. Nf6+ Ke7 49. Ng8+ Kd7 50. Rc1 Rg3+ 51. Kf1 Rh3 52. Ke1 Rg2 53. Kf1 Rh1+ 54. Kxg2 Rxc1 55. Nxh6 Ke6 56. Kf3 f5 57. Kf4 Rf1+ 58. Kg5 Rg1+ 59. Kf4 Kf6 60. Ng8+ Kf7 0-1

[Event "Novosibirsk Sukharev Memorial op"]
[Site "Novosibirsk"]
[Date "2012.07.26"]
[Round "9"]
[White "Kamrukov, Alexey"]
[Black "Krasnikov, Mikhail"]
[Result "1-0"]
[WhiteElo "2072"]
[BlackElo "1892"]
[PlyCount "77"]
[EventDate "2012.07.18"]
[EventType "swiss"]
[EventRounds "9"]
[EventCountry "RUS"]
[SourceTitle "EXT 2013"]
[Source "ChessBase"]
[SourceDate "2012.11.22"]
[SourceVersion "1"]
[SourceVersionDate "2012.11.22"]
[SourceQuality "1"]

1. d4 Nf6 2. c4 g6 3. Nc3 Bg7 4. e4 d6 5. Nf3 0-0 6. Be2 e5 7. 0-0 Nc6 8. d5 Ne7 9. Ne1 Nd7 10. Be3 f5 11. f3 f4 12. Bf2 g5 13. a4 h5 14. a5 Ng6 15. Nd3 Rf7 16. c5 Nxc5 17. Nxc5 dxc5 18. Bxc5 Bf8 19. Bf2 Rg7 20. Qb3 Kh8 21. Kh1 g4 22. Bg1 g3 23. Rfd1 Nh4 24. Bf1 Qg5 25. Rd2 Ng6 26. Qc4 a6 27. Na4 h4 28. h3 Kh7 29. Bc5 Bd7 30. Qb4 Rb8 31. Bxf8 Rxf8 32. Qxb7 Qh5 33. Qb3 Nh8 34. Nc5 Bc8 35. Ne6 Rff7 36. Nxg7 Rxg7 37. Rc1 Qf7 38. Qb8 Qd7 39. Rdc2 1-0

[Event "Novosibirsk Sukharev Memorial op"]
[Site "Novosibirsk"]
[Date "2012.07.24"]
[Round "8"]
[White "Krasnikov, Mikhail"]
[Black "Okishev, Vladimir"]
[Result "0-1"]
[WhiteElo "1892"]
[BlackElo "1905"]
[PlyCount "130"]
[EventDate "2012.07.18"]
[EventType "swiss"]
[EventRounds "9"]
[EventCountry "RUS"]
[SourceTitle "EXT 2013"]
[Source "ChessBase"]
[SourceDate "2012.11.22"]
[SourceVersion "1"]
[SourceVersionDate "2012.11.22"]
[SourceQuality "1"]

1. d4 d5 2. c4 e6 3. Nc3 c6 4. Nf3 Nf6 5. g3 Bd6 6. c5 Bc7 7. Rb1 Nbd7 8. Bf4 0-0 9. b4 Re8 10. Bg2 e5 11. dxe5 Nxe5 12. Nxe5 Bxe5 13. Bxe5 Rxe5 14. 0-0 Bf5 15. Rb2 Qe7 16. h3 h6 17. Qd4 Re8 18. g4 Bc8 19. f4 Re3 20. b5 Nd7 21. bxc6 bxc6 22. Rc1 Ba6 23. Bf3 Bc4 24. Ne4 Rxe4 25. Bxe4 Qxe4 26. Rxc4 dxc4 27. Qxd7 c3 28. Rc2 Qe3+ 29. Kg2 Qe4+ 30. Kg1 Rb8 31. Qf5 Qe3+ 32. Kg2 Qd4 33. Qe5 Qxe5 34. fxe5 Rb2 35. Rxc3 Rxe2+ 36. Kf3 Rxa2 37. h4 Kf8 38. Ke4 Ke7 39. Rb3 Ra4+ 40. Kf3 Ke6 41. Rb7 Ra5 42. Kf4 a6 43. Ra7 Rxc5 44. Rc7 a5 45. h5 a4 46. Ra7 Rc4+ 47. Kg3 Rc3+ 48. Kf4 a3 49. Ke4 Rg3 50. Kf4 Rb3 51. Ke4 Rb4+ 52. Kf3 Kxe5 53. Rxa3 Rd4 54. Ra7 Kf6 55. Rc7 Rd6 56. Kf4 Re6 57. Kf3 Kg5 58. Kg3 Re4 59. Rxf7 Rxg4+ 60. Kh3 Kxh5 61. Rf5+ Rg5 62. Rf7 Kg6 63. Rc7 c5 64. Kh4 Kf6 65. Rc6+ Ke7 0-1

[Event "Novosibirsk Sukharev Memorial op"]
[Site "Novosibirsk"]
[Date "2012.07.23"]
[Round "6"]
[White "Shestakov, Alexey"]
[Black "Krasnikov, Mikhail"]
[Result "0-1"]
[WhiteElo "1806"]
[BlackElo "1892"]
[PlyCount "134"]
[EventDate "2012.07.18"]
[EventType "swiss"]
[EventRounds "9"]
[EventCountry "RUS"]
[SourceTitle "EXT 2013"]
[Source "ChessBase"]
[SourceDate "2012.11.22"]
[SourceVersion "1"]
[SourceVersionDate "2012.11.22"]
[SourceQuality "1"]

1. Nf3 Nf6 2. g3 g6 3. Bg2 Bg7 4. 0-0 0-0 5. d4 d6 6. Nc3 c6 7. Bf4 Nh5 8. Be3 e5 9. dxe5 dxe5 10. Qd2 Nd7 11. Rad1 Qe7 12. Bh6 e4 13. Bxg7 Nxg7 14. Ng5 f5 15. Nh3 Ne5 16. b3 Nf7 17. Qe3 Re8 18. Kh1 g5 19. Qc1 Nh5 20. e3 Ne5 21. Ng1 Be6 22. Rd2 Rad8 23. Rfd1 Ng4 24. h3 Ngf6 25. Nge2 Bf7 26. Nd4 Bg6 27. Bf1 h6 28. Bc4+ Kh7 29. a4 a6 30. Qb2 f4 31. g4 fxe3 32. gxh5 Bxh5 33. fxe3 Bxd1 34. Rxd1 Nh5 35. Nde2 b5 36. axb5 axb5 37. Rxd8 Rxd8 38. Nd4 Rxd4 39. exd4 bxc4 40. bxc4 Qa7 41. Kg2 Nf4+ 42. Kf2 Qxd4+ 43. Kf1 e3 44. Qb7+ Kg8 45. Qc8+ Kf7 46. Qb7+ Kf8 47. Qc8+ Ke7 48. Qc7+ Qd7 49. Qe5+ Qe6 50. Qg7+ Qf7 51. Qxf7+ Kxf7 52. Ne2 Nxh3 53. Nd4 Nf4 54. Nxc6 h5 55. Ne5+ Ke6 56. Nf3 g4 57. Nd4+ Ke5 58. Nb5 h4 59. c5 Kd5 60. Nc3+ Kxc5 61. Ne4+ Kd4 62. Nf6 g3 63. c3+ Kxc3 64. Ne4+ Kd4 65. Ng5 e2+ 66. Ke1 Ke3 67. Nf3 Nd3# 0-1

[Event "Novosibirsk Sukharev Memorial op"]
[Site "Novosibirsk"]
[Date "2012.07.22"]
[Round "5"]
[White "Krasnikov, Mikhail"]
[Black "Koroljkov, Evgeny"]
[Result "1/2-1/2"]
[WhiteElo "1892"]
[BlackElo "2070"]
[PlyCount "106"]
[EventDate "2012.07.18"]
[EventType "swiss"]
[EventRounds "9"]
[EventCountry "RUS"]
[SourceTitle "EXT 2013"]
[Source "ChessBase"]
[SourceDate "2012.11.22"]
[SourceVersion "1"]
[SourceVersionDate "2012.11.22"]
[SourceQuality "1"]

1. d4 Nf6 2. c4 e6 3. Nf3 b6 4. a3 Bb7 5. Nc3 d5 6. g3 Be7 7. Bg2 0-0 8. 0-0 dxc4 9. Ne5 Bxg2 10. Kxg2 Nd5 11. e4 Nxc3 12. bxc3 c5 13. Nxc4 cxd4 14. cxd4 Qc7 15. Qe2 Nc6 16. Bb2 Rfd8 17. Rfd1 Bf6 18. e5 Be7 19. a4 Rac8 20. Rac1 Qb7 21. Qf3 Rd7 22. Ne3 Rdd8 23. h4 Na5 24. d5 exd5 25. Kh2 Rxc1 26. Rxc1 d4 27. Qxb7 Nxb7 28. Bxd4 Rxd4 29. Rc7 Bf8 30. Rxb7 Rxa4 31. Nf5 Ra5 32. f4 g6 33. Nd6 Bxd6 34. exd6 Kg7 35. d7 Rd5 36. Rxa7 Kf8 37. Kh3 Ke7 38. Rb7 b5 39. g4 Kd8 40. Kg3 Rd3+ 41. Kg2 Rb3 42. h5 gxh5 43. gxh5 b4 44. h6 Rb1 45. Kg3 b3 46. Kg4 b2 47. Kf5 Ke7 48. d8Q+ Kxd8 49. Kf6 Rf1 50. Rxb2 Rxf4+ 51. Kg7 Ke7 52. Re2+ Kd6 53. Kxh7 Rg4 1/2-1/2

[Event "Novosibirsk Sukharev Memorial op"]
[Site "Novosibirsk"]
[Date "2011.07.20"]
[Round "3"]
[White "Vasiliev, Maxim"]
[Black "Krasnikov, Mikhail"]
[Result "0-1"]
[WhiteElo "1685"]
[BlackElo "1882"]
[PlyCount "70"]
[EventDate "2011.07.18"]
[EventType "swiss"]
[EventRounds "9"]
[EventCountry "RUS"]
[SourceTitle "EXT 2012"]
[Source "ChessBase"]
[SourceDate "2011.11.24"]
[SourceVersion "1"]
[SourceVersionDate "2011.11.24"]
[SourceQuality "1"]

1. e4 c6 2. d4 d5 3. e5 Bf5 4. Nc3 e6 5. g4 Bg6 6. Nge2 c5 7. h4 h6 8. Be3 Nd7 9. Qd2 Ne7 10. f4 Nc6 11. 0-0-0 Rc8 12. Ng3 cxd4 13. Bxd4 Bb4 14. a3 Nxd4 15. Qxd4 Bxc3 16. bxc3 Qa5 17. f5 Qxa3+ 18. Kd2 Bh7 19. Bb5 Qc5 20. Bxd7+ Kxd7 21. Qxc5 Rxc5 22. fxe6+ fxe6 23. Nh5 Rhc8 24. Rh3 d4 25. cxd4 Rxc2+ 26. Ke1 Rg2 27. Nxg7 Rcc2 28. Rf3 Ke7 29. Rf4 Be4 30. Nh5 Bc6 31. Nf6 Bb5 32. Ng8+ Kd8 33. Rf8+ Kc7 34. Rf7+ Kb6 35. Rf1 Rce2# 0-1

[Event "Novosibirsk Sept op"]
[Site "Novosibirsk"]
[Date "2010.09.20"]
[Round "7"]
[White "Ershov, Kirill"]
[Black "Krasnikov, Mikhail"]
[Result "1-0"]
[WhiteElo "1866"]
[BlackElo "1935"]
[PlyCount "155"]
[EventDate "2010.09.06"]
[EventType "swiss"]
[EventRounds "9"]
[EventCountry "RUS"]
[SourceTitle "CBM 138 Extra"]
[Source "ChessBase"]
[SourceDate "2010.10.29"]
[SourceVersion "1"]
[SourceVersionDate "2010.10.29"]
[SourceQuality "1"]

1. e4 c5 2. Nf3 Nc6 3. Bb5 g6 4. 0-0 Bg7 5. Nc3 Nf6 6. d3 0-0 7. h3 d5 8. Bxc6 bxc6 9. e5 Nd7 10. Re1 e6 11. Na4 Re8 12. b3 a5 13. c4 Qc7 14. Bb2 Ba6 15. Qe2 Bf8 16. Ba3 Reb8 17. Qe3 d4 18. Qf4 Bb5 19. cxb5 cxb5 20. Ng5 Nxe5 21. Qxe5 Qxe5 22. Rxe5 bxa4 23. bxa4 f6 24. Rxe6 fxg5 25. Rc1 Rc8 26. Rc4 Rab8 27. Re1 Rb7 28. Kf1 Re7 29. Rec1 Rec7 30. g3 Kf7 31. Rb1 Ke6 32. Rb5 Kd5 33. Bb2 Bg7 34. Rxa5 Rb8 35. Rb5 Re8 36. a5 Ra8 37. a4 Ra6 38. Bc1 h6 39. Bd2 Bf8 40. Rb6 Rc6 41. Rb8 Rf6 42. Rc8 Rac6 43. Rxc6 Rxc6 44. f3 Bd6 45. Kf2 Ra6 46. f4 gxf4 47. Bxf4 Bxf4 48. gxf4 Rxa5 49. Kf3 Ra8 50. Kg4 Re8 51. a5 Ra8 52. Ra4 Kc6 53. Ra1 Kb5 54. Rb1+ Ka4 55. Rb6 Rxa5 56. Rxg6 Ra8 57. f5 Kb4 58. Rxh6 Kc3 59. Rc6 Rg8+ 60. Kf4 Rh8 61. Rxc5+ Kxd3 62. Ra5 Kc4 63. Ra4+ Kc3 64. Ra3+ Kb4 65. Rg3 Kc4 66. f6 d3 67. Rg1 Kc3 68. Rh1 d2 69. Kg5 Kc2 70. h4 d1Q 71. Rxd1 Kxd1 72. f7 Ke2 73. h5 Kf3 74. Kg6 Kg4 75. h6 Ra8 76. h7 Kf4 77. Kg7 Kg4 78. h8Q 1-0

[Event "Novosibirsk Sept op"]
[Site "Novosibirsk"]
[Date "2010.09.09"]
[Round "3"]
[White "Krasnikov, Mikhail"]
[Black "Romanov, Viktor"]
[Result "1-0"]
[WhiteElo "1935"]
[BlackElo "1947"]
[PlyCount "111"]
[EventDate "2010.09.06"]
[EventType "swiss"]
[EventRounds "9"]
[EventCountry "RUS"]
[SourceTitle "CBM 138 Extra"]
[Source "ChessBase"]
[SourceDate "2010.10.29"]
[SourceVersion "1"]
[SourceVersionDate "2010.10.29"]
[SourceQuality "1"]

1. d4 Nf6 2. c4 g6 3. Nc3 d5 4. Nf3 Bg7 5. cxd5 Nxd5 6. e4 Nxc3 7. bxc3 0-0 8. Rb1 c5 9. Be2 Qa5 10. 0-0 Qxc3 11. Bd2 Qa3 12. dxc5 Nc6 13. Qc2 Be6 14. Rxb7 Qxa2 15. Qxa2 Bxa2 16. Bb5 Rfc8 17. Bxc6 Rxc6 18. Bb4 a5 19. Ba3 a4 20. Rd1 Bb3 21. Rdd7 Re8 22. Rxe7 Rxe7 23. Rxe7 Bc3 24. Re8+ Kg7 25. Rd8 h6 26. g4 Re6 27. e5 Bc4 28. Nd2 Be2 29. f4 Bxg4 30. Ne4 Ba5 31. Ra8 Bf3 32. Rxa5 Bxe4 33. Rxa4 Bf5 34. Rb4 Rc6 35. Rb6 Be4 36. Kf2 Kf8 37. Ke3 Bh1 38. Kd4 Ke7 39. Kc4 Kd7 40. Rb7+ Rc7 41. Rb8 Bc6 42. Rh8 Ra7 43. Bb4 h5 44. f5 gxf5 45. Rxh5 Be4 46. Rh6 Ra8 47. Rd6+ Ke7 48. Be1 Rh8 49. Bg3 Bb1 50. Kd4 Ba2 51. e6 Ke8 52. e7 Bb3 53. Ke5 Be6 54. Bf4 Bd7 55. c6 Be6 56. Bg5 1-0

[Event "Novosibirsk April op"]
[Site "Novosibirsk"]
[Date "2010.04.12"]
[Round "9"]
[White "Krasnikov, Mikhail"]
[Black "Pozharsky, Nikolay"]
[Result "1-0"]
[WhiteElo "1913"]
[BlackElo "2179"]
[PlyCount "87"]
[EventDate "2010.04.02"]
[EventType "swiss"]
[EventRounds "9"]
[EventCountry "RUS"]
[SourceTitle "EXT 2011"]
[Source "ChessBase"]
[SourceDate "2010.11.26"]
[SourceVersion "1"]
[SourceVersionDate "2010.11.26"]
[SourceQuality "1"]

1. d4 Nf6 2. c4 e6 3. Nf3 c5 4. d5 exd5 5. cxd5 d6 6. Nc3 g6 7. Nd2 Bg7 8. Nc4 0-0 9. Bf4 Ne8 10. Qd2 Bxc3 11. Qxc3 f6 12. Qg3 Na6 13. 0-0-0 Nb4 14. a3 Nxd5 15. Bxd6 Rf7 16. e4 b5 17. Rxd5 Be6 18. Rxc5 bxc4 19. Bf4 Qd4 20. Qe3 Qxe3+ 21. Bxe3 Nd6 22. f3 Nb7 23. Rc6 Nd8 24. Ra6 Rc8 25. Be2 c3 26. b4 Bb3 27. Rxa7 Rxa7 28. Bxa7 Ra8 29. Bd4 c2 30. Kb2 Ne6 31. Bxf6 Ba4 32. Bc4 Kf7 33. Bc3 Rd8 34. Rc1 Rd1 35. b5 Ke7 36. g3 Kd6 37. Bb4+ Kd7 38. Bc3 Ng5 39. h4 Nxf3 40. e5 Nd2 41. e6+ Kd6 42. Bb4+ Kc7 43. Bxd2 Rxd2 44. e7 1-0

[Event "Novosibirsk April op"]
[Site "Novosibirsk"]
[Date "2010.04.06"]
[Round "4"]
[White "Krasnikov, Mikhail"]
[Black "Popov, Nikita"]
[Result "0-1"]
[WhiteElo "1913"]
[BlackElo "1993"]
[PlyCount "60"]
[EventDate "2010.04.02"]
[EventType "swiss"]
[EventRounds "9"]
[EventCountry "RUS"]
[SourceTitle "EXT 2011"]
[Source "ChessBase"]
[SourceDate "2010.11.26"]
[SourceVersion "1"]
[SourceVersionDate "2010.11.26"]
[SourceQuality "1"]

1. d4 f5 2. c4 Nf6 3. g3 g6 4. Bg2 Bg7 5. Nc3 0-0 6. Nh3 d6 7. 0-0 Qe8 8. Bg5 h6 9. Bxf6 exf6 10. Qb3 c6 11. c5+ d5 12. Nxd5 cxd5 13. Bxd5+ Kh7 14. Bxb7 Bxb7 15. Qxb7 Nc6 16. d5 Nd4 17. Rae1 g5 18. Qa6 Qe4 19. d6 f4 20. f3 Qe3+ 21. Kg2 Nc2 22. c6 Nxe1+ 23. Rxe1 f5 24. b3 Qd2 25. Kf1 Qxd6 26. gxf4 g4 27. Ng1 Rfc8 28. Rc1 Qxf4 29. Qc4 Qxc4 30. Rxc4 h5 0-1

[Event "Novosibirsk op 04"]
[Site "Novosibirsk"]
[Date "2009.04.10"]
[Round "7"]
[White "Levn, Mikhail"]
[Black "Krasnikov, Mikhail"]
[Result "0-1"]
[WhiteElo "1783"]
[BlackElo "1915"]
[PlyCount "50"]
[EventDate "2009.04.03"]
[EventType "swiss"]
[EventRounds "9"]
[EventCountry "RUS"]
[SourceTitle "EXT 2012"]
[Source "ChessBase"]
[SourceDate "2011.11.24"]
[SourceVersion "1"]
[SourceVersionDate "2011.11.24"]
[SourceQuality "1"]

1. e4 c5 2. Nf3 Nc6 3. Be2 g6 4. c3 Bg7 5. 0-0 Nf6 6. d4 cxd4 7. cxd4 Nxe4 8. d5 Nb8 9. Re1 Qb6 10. Rf1 Bxb2 11. Bxb2 Qxb2 12. Nbd2 Nxd2 13. Nxd2 0-0 14. Ne4 d6 15. Bc4 b5 16. Bb3 a5 17. Rb1 Qe5 18. Re1 Bf5 19. Ng3 Qf6 20. Nxf5 gxf5 21. a4 b4 22. Rc1 Na6 23. Rc6 Nc5 24. Rc7 Rac8 25. Rexe7 Nxb3 0-1

[Event "Novosibirsk op 04"]
[Site "Novosibirsk"]
[Date "2009.04.08"]
[Round "5"]
[White "Krasnikov, Mikhail"]
[Black "Ivanov, Albert"]
[Result "1-0"]
[WhiteElo "1915"]
[BlackElo "1744"]
[PlyCount "67"]
[EventDate "2009.04.03"]
[EventType "swiss"]
[EventRounds "9"]
[EventCountry "RUS"]
[SourceTitle "EXT 2012"]
[Source "ChessBase"]
[SourceDate "2011.11.24"]
[SourceVersion "1"]
[SourceVersionDate "2011.11.24"]
[SourceQuality "1"]

1. Nf3 c5 2. g3 b6 3. Bg2 Bb7 4. 0-0 Nf6 5. c4 e6 6. d4 cxd4 7. Nbd2 d6 8. Nxd4 Bxg2 9. Kxg2 Be7 10. b4 Qc8 11. a4 a6 12. e4 Nc6 13. Nc2 Ne5 14. Qe2 0-0 15. f4 Nc6 16. g4 h6 17. h4 e5 18. f5 Nh7 19. Nf3 Qd8 20. Kh3 f6 21. Bd2 Qb8 22. Ne3 Qb7 23. Nd5 Bd8 24. Rg1 Ne7 25. g5 Nxd5 26. cxd5 fxg5 27. hxg5 hxg5 28. Bxg5 Qf7 29. Bxd8 Raxd8 30. Rg6 Kh8 31. Rag1 Rg8 32. R1g5 Qc7 33. Rh5 Rgf8 34. Ng5 1-0

[Event "Novosibirsk November op"]
[Site "Novosibirsk"]
[Date "2008.11.20"]
[Round "1"]
[White "Krasnikov, Mikhail"]
[Black "Tulupov, Mikhail"]
[Result "1-0"]
[WhiteElo "1948"]
[BlackElo "1765"]
[PlyCount "71"]
[EventDate "2008.11.20"]
[EventType "swiss"]
[EventRounds "9"]
[EventCountry "RUS"]
[SourceTitle "EXT 2022"]
[Source "ChessBase"]
[SourceDate "2021.10.06"]
[SourceVersion "1"]
[SourceVersionDate "2021.10.06"]
[SourceQuality "1"]

1. e4 e6 2. d4 d5 3. Nd2 Nf6 4. Bd3 dxe4 5. Nxe4 Be7 6. Nf3 Nbd7 7. 0-0 0-0 8. Re1 Nxe4 9. Bxe4 Nf6 10. Bd3 b6 11. Ne5 Bb7 12. Re3 Qd5 13. Rg3 Rad8 14. c3 c5 15. Bc4 Qxe5 16. Bh6 Qh5 17. Bxg7 Qxd1+ 18. Rxd1 Nh5 19. Bxf8+ Nxg3 20. Bxe7 Rd7 21. Bxc5 bxc5 22. hxg3 cxd4 23. Rxd4 Rc7 24. Bd3 h6 25. Rd8+ Kg7 26. Bb5 Rc5 27. a4 Re5 28. Rd7 Bd5 29. Rxa7 Re1+ 30. Kh2 Rb1 31. c4 Be4 32. f3 Bd3 33. c5 Bxb5 34. axb5 Rxb2 35. b6 Rb5 36. b7 1-0

[Event "Novosibirsk Region-ch sf"]
[Site "Novosibirsk"]
[Date "2008.10.20"]
[Round "3"]
[White "Sharkov, Maxim"]
[Black "Krasnikov, Mikhail"]
[Result "0-1"]
[WhiteElo "2098"]
[BlackElo "1948"]
[PlyCount "62"]
[EventDate "2008.10.18"]
[EventType "swiss"]
[EventRounds "9"]
[EventCountry "RUS"]
[SourceTitle "EXT 2022"]
[Source "ChessBase"]
[SourceDate "2021.10.06"]
[SourceVersion "1"]
[SourceVersionDate "2021.10.06"]
[SourceQuality "1"]

1. e4 c5 2. Nf3 Nc6 3. d4 cxd4 4. Nxd4 g6 5. Be3 Bg7 6. Nc3 Nf6 7. f3 0-0 8. Qd2 d5 9. Nxc6 bxc6 10. Rd1 a5 11. Na4 Rb8 12. Qf2 Be6 13. Ba6 Qe8 14. Ba7 Rb4 15. b3 dxe4 16. c3 Rxa4 17. bxa4 exf3 18. gxf3 Nd5 19. Bd4 Bh6 20. Qh4 Be3 21. Bxe3 Nxe3 22. Rd2 Qb8 23. Bd3 Rd8 24. Qe4 Qb6 25. Ke2 Nd5 26. Qe5 Rd6 27. Rc1 f6 28. Qd4 c5 29. Qh4 c4 30. Bxc4 Qe3+ 31. Kf1 Qxd2 0-1

[Event "Novosibirsk April op"]
[Site "Novosibirsk"]
[Date "2008.04.07"]
[Round "3"]
[White "Novichkov, Vladimir"]
[Black "Krasnikov, Mikhail"]
[Result "1-0"]
[WhiteElo "2111"]
[BlackElo "1945"]
[PlyCount "73"]
[EventDate "2008.04.05"]
[EventType "swiss"]
[EventRounds "9"]
[EventCountry "RUS"]
[SourceTitle "EXT 2010"]
[Source "ChessBase"]
[SourceDate "2010.11.25"]
[SourceVersion "1"]
[SourceVersionDate "2010.11.25"]
[SourceQuality "1"]

1. e4 c5 2. Nf3 Nc6 3. d4 cxd4 4. Nxd4 g6 5. c4 Bg7 6. Be3 Nf6 7. Nc3 0-0 8. Be2 d6 9. 0-0 Nxd4 10. Bxd4 b6 11. Rc1 Bb7 12. Qd3 Rc8 13. b3 Qc7 14. Be3 Qb8 15. f4 Qa8 16. Bf3 Nd7 17. Nd5 Rfe8 18. b4 Bxd5 19. exd5 a5 20. b5 Nc5 21. Qd2 a4 22. f5 Qa7 23. Bh6 Bh8 24. Bg4 Rc7 25. Qe2 Bf6 26. fxg6 Bd4+ 27. Kh1 fxg6 28. Be6+ Kh8 29. Rf7 Qa8 30. Qg4 Nxe6 31. dxe6 Bf6 32. Qh3 Qc8 33. Bf8 h5 34. Qe3 g5 35. Qe4 Bg7 36. Bxg7+ Kg8 37. Bd4 1-0

[Event "Novosibirsk-ch sf"]
[Site "Novosibirsk"]
[Date "2008.01.21"]
[Round "7"]
[White "Krasnikov, Mikhail"]
[Black "Portal, Alexander"]
[Result "1-0"]
[WhiteElo "1945"]
[BlackElo "1862"]
[PlyCount "57"]
[EventDate "2008.01.13"]
[EventType "swiss"]
[EventRounds "9"]
[EventCountry "RUS"]
[SourceTitle "EXT 2010"]
[Source "ChessBase"]
[SourceDate "2010.11.25"]
[SourceVersion "1"]
[SourceVersionDate "2010.11.25"]
[SourceQuality "1"]

1. Nf3 d5 2. g3 Nf6 3. Bg2 h6 4. c4 e6 5. 0-0 c6 6. d4 b6 7. Nc3 Bb7 8. Qc2 Be7 9. Rd1 0-0 10. Nd2 Na6 11. a3 Qc8 12. e4 dxe4 13. Ncxe4 Rd8 14. Nxf6+ Bxf6 15. Nb3 c5 16. Bxb7 Qxb7 17. Be3 cxd4 18. Nxd4 Rac8 19. b4 Rd7 20. Rac1 Rcd8 21. Nb3 Qc7 22. c5 Rxd1+ 23. Rxd1 Rxd1+ 24. Qxd1 Bb2 25. Qe2 Bxa3 26. Qxa6 Bxb4 27. cxb6 axb6 28. Qxb6 Qc3 29. Bd2 1-0